| 000 | 00411nam a22001697a 4500 | ||
|---|---|---|---|
| 005 | 20160630093849.0 | ||
| 008 | 160630b xxu||||| |||| 00| 0 eng d | ||
| 020 | _a81-219-2831-1 | ||
| 041 | _aeng | ||
| 082 | _b10904 | ||
| 100 |
_aVerma, Dr Shalini _92055 |
||
| 245 | _aWord Power mode Handy | ||
| 260 |
_aNew Delhi _bSultan Chand & Sons, _c2009 |
||
| 300 | _a370 | ||
| 650 |
_aManagement _9241 |
||
| 942 | _cBK | ||
| 999 |
_c4813 _d4811 |
||